000 00652cam a2200241 4500
001 27499
003 BD-RjUL
005 20211209051149.0
008 140325s1972 ru a 000 0 eng d
035 _a(BD-RjUL)27573
040 _aDLC
_cDLC
_dDLC
_dBD-RjUL
_beng
041 _aeng
082 0 0 _a914.7410385
_bEST 1972
245 0 0 _aEstonian Soviet Socialist Republic /
260 _aMoscow :
_bNovosti Press Agency Pub. House,
_c1972.
300 _a65 p. :
_bill. ;
_c17 cm.
350 _a0.39rub
500 _aOn cover: USSR Estonia.
651 0 _aEstonia.
_984476
942 _2ddc
_cBK
999 _c27499
_d27499